000 00706nam a2200205Ia 4500
003 GCL
008 140319s9999 xx 000 0 eng d
040 _aGCL /
_cGCL
082 0 4 _a792.80947
_bS A
100 1 _aSCHAVALOFF, ALEXANDER
245 1 0 _aTHE ART OF BALLETS RUSSES: THE SERGE LIFAR COLLECTION OF THEATER DESIGNS, COSTUMES AND PAINTINGS AT THE WADSWORTH ATHENEUM, HARTFORD, CONNECTION CUT /
_cSCHAVALOFF, ALEXANDER
260 _a[S.N] :
_bYALE UNIVERSITY ،
_c1997
300 _a352 P
650 0 4 _aBALLET - RUSSES - EXHIBITIONS
650 0 4 _aBALLET AND MODERN DANCE
650 0 4 _aBALLET - COSTUME
650 0 4 _aBALLET - STAGE - SETTING
650 0 4 _aLIFAR, SERGE - 1905
942 _2ddc
_cBK
999 _c16430
_d16430